000 00478cam a2200145 4500500
005 20260329015926.0
041 _afre
042 _adc
100 1 0 _aRigal, Jean-François
_eauthor
245 0 0 _aMachining mechanical components
260 _c2026.
500 _a54
786 0 _nMechanical functions and components | - | 2026-03-04 | p. 2-2
856 4 1 _uhttps://stm.cairn.info/mechanical-behavior-of-materials--bdti42179210-bm5018-page-2?lang=en&redirect-ssocas=7080
999 _c1902269
_d1902269